Special report (Record no. 81824)

MARC details
000 -LEADER
fixed length control field 00996cab a22001935a 4500
001 - CONTROL NUMBER
control field L148401
008 - FIXED-LENGTH DATA ELEMENTS--GENERAL INFORMATION
fixed length control field 090914e20090904xxkbo f 000 0 eng d
035 ## - SYSTEM CONTROL NUMBER
System control number (Sirsi) u148401
041 0# - LANGUAGE CODE
Language code of text/sound track or separate title eng
100 1# - MAIN ENTRY--PERSONAL NAME
Personal name Shepherd, Mark
245 00 - TITLE STATEMENT
Title Special report
Remainder of title parking
260 ## - PUBLICATION, DISTRIBUTION, ETC.
-- 2009
490 #0 - SERIES STATEMENT
Series statement Property Week
Volume/sequential designation 75(36) 4 September 2009, 63-67(4)
520 ## - SUMMARY, ETC.
Summary, etc. Local authorities are starting to act against landlords of stalled development schemes who are using the sites as temporary car parks. The British Parking Association has called on government to regulate the activities of wheel clamping companies and the growth of temporary car parks. The Birmingham Parking Association will open by the end of 2009 the UK's largest automated car park at the Cube in Birmingham. Nottingham City Council's proposed workplace parking levy has roused serious opposition.
590 ## - LOCAL NOTE (RLIN)
Local note KA
651 #4 - SUBJECT ADDED ENTRY--GEOGRAPHIC NAME
Geographic name England
Chronological subdivision 886-
690 ## - LOCAL SUBJECT ADDED ENTRY--TOPICAL TERM (OCLC, RLIN)
Topical term or geographic name as entry element PROPERTY-COMMERCIAL PROPERTY-COMMERCIAL PROPERTY MARKET
942 ## - ADDED ENTRY ELEMENTS (KOHA)
Suppress in OPAC 0

No items available.